000 00652nam a2200229 a 4500
001 BRL_673
005 20190320210840.0
008 230913s1954----nyua######---#000-0#eng-#
041 _aeng
044 _anyu
050 4 _aND553.M3
_b.F35 1954
100 1 _aFaison, S. Lane
_924606
245 1 0 _aEdouard Manet, 1832-1883
_ctext by S. Lane Faison.
260 _aNew York
_bHarry N. Abrams : Pocket Books
_c1954
300 _a[62] p.
_bil., láminas
_c17 cm.
440 0 _aPocket Library of Great Art
_924607
500 _aAu735
600 1 4 _aManet, Edouard
_d1832-1883
_914059
650 1 4 _aPintores franceses
_97726
902 _aGRL
942 _2lcc
_cB
999 _c9485
_d9485